| 000 | 01236cab a2200349 4500 | ||
|---|---|---|---|
| 001 | ABS47908 | ||
| 008 | 090401t1993 xxu||||| |||| 00| 0 eng d | ||
| 035 | _a(Sirsi) u64003 | ||
| 041 | _aeng | ||
| 100 | _aO`Donovan, T. | ||
| 245 | _aPlanning: flat conversions and `the four year rule` | ||
| 260 | _c1993 | ||
| 350 | _a0 | ||
| 490 |
_aSolicitors` Journal _v137(2) 22 January 1993, 49 (1) |
||
| 520 | _aA reminder of the courts` view on whether a single residence converted into flats without planning permission is immune from enforcement after four years. (Town and Country Planning Act 1990 s174(c).) | ||
| 650 | _aCONVERSIONS | ||
| 650 | _aDONCASTER BC V SOS FOR THE ENVIRONMENT | ||
| 650 | _aENFORCEMENT | ||
| 650 | _aFLATS | ||
| 650 | _aFOUR YEAR RULE | ||
| 650 | _aLAWFUL USE | ||
| 650 | _aPLANNING PERMISSION | ||
| 650 | _aSINGLE DWELLINGS | ||
| 650 | _aTOWN AND COUNTRY PLANNING ACT 1990 S171(B)(2) | ||
| 650 | _aTOWN AND COUNTRY PLANNING ACT 1990 S174(C) | ||
| 650 | _aTOWN AND COUNTRY PLANNING ACT 1990 S55(3)(A) | ||
| 650 | _aVAN DYKE V SOS FOR THE ENVIRONMENT | ||
| 650 | _aWORTHING BC V SOS FOR THE ENVIRONMENT | ||
| 690 | _aPLANNING LAW AND PRACTICE | ||
| 942 | _n0 | ||
| 948 | _c04/03/1997 | ||
| 999 |
_c39831 _d39831 |
||